| 000 | 00997naa a22002777a 4500 | ||
|---|---|---|---|
| 001 | BR6008962 | ||
| 003 | BR-BrBNA | ||
| 005 | 20240918172947.0 | ||
| 007 | ta | ||
| 008 | 230509b bl.||||| |||| 00| 0 por d | ||
| 040 |
_aBR-BrBNA _bpor _cBiblioteca Nacional de Agricultura |
||
| 041 | _a(Pt) | ||
| 072 |
_aH10 _b4020 |
||
| 090 | _aH10 BR6008962 | ||
| 100 | 1 | _aStahel, G. | |
| 111 | 1 |
_a1. Reuniao Sul-Americana de Botanica _cRio de Janeiro, GB (Brazil) _d12 Oct 1938 |
|
| 245 | 1 | _aSobre o fungo cultivado pela formiga Atta cephalotes L. | |
| 260 | 3 |
_aRio de Janeiro, GB (Brasil): _c[nd]. |
|
| 500 | _aAnais da 1. Reuniao Sul-Americana de Botanica Rio de Janeiro, GB (Brasil): [nd]. v. 1 p. 199-206 (BR6008962-AM)H10 | ||
| 650 | _aPraga de planta | ||
| 650 | _aFormiga | ||
| 650 | _aBiologia | ||
| 773 | 0 |
_tAnais da 1. Reuniao Sul-Americana de Botanica _wH10 BR6008962 _gRio de Janeiro, GB (Brasil), [nd]. v. 1 p. 199-206 |
|
| 909 |
_a202404 _bLucia _c55 _dLucia Elande |
||
| 942 |
_cAM _2AGRIS |
||
| 999 |
_c302251 _d302251 |
||